000
00296nam a2200121Ia 4500
008
220204s9999 xx 000 0 und d
082
_a
541.1
_b
SHE
100
_a
Sheehan, W F
245
0
_a
Physical chemistry
260
_a
Delhi
_b
Prentice Hall
_c
1963
650
_a
Physical chemistry
942
_c
BK
999
_c
20899
_d
20899